[Event "AUTO-ADV-1220"]
[Site "http://www.queenalice.com/game.php?id=540246"]
[Date "2009.2.14"]
[Round "1"]
[White "Bruuno"]
[Black "Pele"]
[Result "0-1"]
[WhiteElo "1639"]
[BlackElo "1904"]

1. e4 e5 2. Nf3 Nc6 3. Nc3 a6 4. Bc4 Bc5 5. O-O d6 6. Nd5 Bg4 7. d3 Nd4 8. Be3
Nxf3+ 9. gxf3 Bxe3 10. Nxe3 Bh3 11. Re1 Qg5+ 12. Ng4 h5 13. Kh1 hxg4 14. Rg1 Qh4
15. fxg4 Bxg4 16. Rxg4 Qxh2# 0-1

[Event "AUTO-ADV-1220"]
[Site "http://www.queenalice.com/game.php?id=540247"]
[Date "2009.2.14"]
[Round "1"]
[White "Pele"]
[Black "Dom81"]
[Result "0-1"]
[WhiteElo "1943"]
[BlackElo "2171"]

1. e4 e6 2. d4 d5 3. exd5 exd5 4. Nf3 Nf6 5. Bd3 Bd6 6. O-O O-O 7. Bg5 h6 8. Bh4
Nc6 9. c3 g5 10. Bg3 Ne4 11. Nbd2 Re8 12. Qc2 g4 13. Ne1 Nxg3 14. fxg3 Qg5 15.
Bh7+ Kg7 16. Nd3 f5 17. Nf4 Kxh7 18. Nxd5 Be6 19. Nf4 Bf7 20. Rae1 Rxe1 21. Rxe1
Bxf4 22. gxf4 Qxf4 23. Qd3 Kg6 24. b3 Re8 0-1

[Event "AUTO-ADV-1220"]
[Site "http://www.queenalice.com/game.php?id=540248"]
[Date "2009.2.14"]
[Round "1"]
[White "Dom81"]
[Black "Pele"]
[Result "1-0"]
[WhiteElo "2046"]
[BlackElo "1941"]

1. d4 Nf6 2. c4 g6 3. Nc3 Bg7 4. e4 d6 5. Nf3 O-O 6. Be2 c6 7. O-O Qc7 8. Bf4
Nh5 9. Be3 f5 10. exf5 Bxf5 11. Nh4 e6 12. g4 Bxg4 13. Bxg4 Nf6 14. Bxe6+ Kh8
15. Re1 Nbd7 16. Qf3 d5 17. Qh3 Rae8 18. Nxg6# 1-0

[Event "AUTO-ADV-1220"]
[Site "http://www.queenalice.com/game.php?id=540249"]
[Date "2009.2.14"]
[Round "1"]
[White "Pele"]
[Black "fera77"]
[Result "1-0"]
[WhiteElo "1917"]
[BlackElo "1751"]

1. d4 d5 2. c4 c6 3. Nc3 Nf6 4. Nf3 Bg4 5. e3 e6 6. Be2 Bd6 7. cxd5 cxd5 8. O-O
Nc6 9. Bd2 O-O 10. Rc1 Rc8 11. a3 1-0

[Event "AUTO-ADV-1220"]
[Site "http://www.queenalice.com/game.php?id=540250"]
[Date "2009.2.14"]
[Round "1"]
[White "fera77"]
[Black "Pele"]
[Result "0-1"]
[WhiteElo "1742"]
[BlackElo "1926"]

1. d4 d5 2. c4 Nf6 3. Nc3 e6 4. Bg5 Bb4 5. Rc1 c6 6. a3 Be7 7. e3 O-O 8. Bd3
dxc4 9. Bxc4 Nbd7 10. Nf3 Nb6 11. Ba2 Nbd5 0-1

[Event "AUTO-OPEN-1468"]
[Site "http://www.queenalice.com/game.php?id=551929"]
[Date "2009.3.7"]
[Round "1"]
[White "PedroBritto"]
[Black "Pele"]
[Result "0-1"]
[WhiteElo "1571"]
[BlackElo "1913"]

1. e4 e5 2. Nf3 Nc6 3. d4 exd4 4. Nxd4 Ne5 5. Nc3 Bb4 6. Bf4 d6 7. Be2 Bxc3+ 8.
bxc3 Nf6 9. Nf5 Nxe4 10. Qd5 Nxc3 11. Nxg7+ Kf8 12. Bxe5 Nxd5 13. Bd4 Rg8 14.
O-O-O Qg5+ 15. Kb2 Rxg7 16. Bxg7+ Qxg7+ 17. Kc1 Nc3 18. Rd2 Nxe2+ 19. Rxe2 Qa1+
20. Kd2 Qxh1 21. f4 Bg4 22. Re3 Qd1+ 23. Kc3 c5 24. Rd3 Qe1+ 25. Kc4 Be6+ 26.
Kb5 Qb4# 0-1

[Event "AUTO-OPEN-1468"]
[Site "http://www.queenalice.com/game.php?id=551930"]
[Date "2009.3.7"]
[Round "1"]
[White "Pele"]
[Black "PedroBritto"]
[Result "1-0"]
[WhiteElo "1935"]
[BlackElo "1592"]

1. d4 d5 2. c4 dxc4 3. Nc3 Nc6 4. e3 Nf6 5. Bxc4 Nb4 6. Nf3 Bg4 7. Bxf7+ Kxf7 8.
Ne5+ Ke8 9. Nxg4 e6 10. Nxf6+ gxf6 11. Qh5+ Kd7 12. Qb5+ Kc8 13. O-O c6 14. Qc4
Qe8 15. a3 b5 16. Qe2 Qg6 17. axb4 Rg8 18. Qf3 h5 19. Qxc6+ Kb8 20. Nxb5 Rg7 21.
Nd6 Bxd6 22. Qxd6+ Kc8 23. Qc6+ Kb8 24. Ra5 a6 25. g3 h4 26. e4 Rc7 27. Bf4 e5
28. Qb6+ Rb7 29. Qd6+ Ka7 30. Rxa6# 1-0

[Event "AUTO-OPEN-1468"]
[Site "http://www.queenalice.com/game.php?id=551951"]
[Date "2009.3.7"]
[Round "1"]
[White "ricardofortaleza"]
[Black "Pele"]
[Result "0-1"]
[WhiteElo "1403"]
[BlackElo "1941"]

1. e4 e5 2. Nf3 Nc6 3. g3 d6 4. Bg2 Bg4 5. O-O Qf6 6. d4 Nxd4 7. c3 Nxf3+ 8.
Bxf3 Bxf3 9. Qa4+ c6 10. Nd2 Be2 11. Re1 Bb5 12. Qa5 b6 13. Qb4 d5 14. Qb3 Bc5
15. Qd1 Bxf2+ 16. Kg2 Bxe1 17. Qxe1 Nh6 18. Nf3 O-O 19. Bxh6 Qxh6 20. Nxe5 Rfe8
21. Nd7 Rxe4 22. Qf2 Re2 23. Qxe2 Bxe2 24. Re1 Qd2 25. Rxe2 Qxe2+ 26. Kh3 Qe6+
27. Kg2 Qxd7 28. b3 Re8 29. c4 dxc4 30. bxc4 Qf5 0-1

[Event "AUTO-OPEN-1468"]
[Site "http://www.queenalice.com/game.php?id=551952"]
[Date "2009.3.7"]
[Round "1"]
[White "Pele"]
[Black "ricardofortaleza"]
[Result "1-0"]
[WhiteElo "1929"]
[BlackElo "1418"]

1. d4 Nf6 2. c4 g6 3. Nc3 Bg7 4. Nf3 O-O 5. Bg5 e5 6. dxe5 d6 7. exf6 Bxf6 8.
Bxf6 Qxf6 9. e3 Bg4 10. Be2 Nc6 11. O-O Ne5 12. Ne4 Qe6 13. Nfg5 Bxe2 14. Qxe2
Nxc4 15. Nxe6 Rfc8 16. Qxc4 fxe6 17. Qxe6+ Kf8 18. Ng5 Re8 19. Qf7# 1-0

[Event "AUTO-OPEN-1468"]
[Site "http://www.queenalice.com/game.php?id=551963"]
[Date "2009.3.7"]
[Round "1"]
[White "marcoswerneck"]
[Black "Pele"]
[Result "0-1"]
[WhiteElo "1770"]
[BlackElo "1931"]

1. g3 e6 2. d4 d5 3. Bg2 c5 4. c3 Nf6 5. Be3 cxd4 6. Bxd4 Nc6 7. Nf3 Nxd4 8.
Qxd4 Bd7 9. O-O b6 10. a4 Bc5 11. Qd3 O-O 12. Nbd2 Ne8 13. b4 Be7 14. e4 dxe4
15. Nxe4 f5 16. Ned2 Bc6 17. Qxd8 Rxd8 18. b5 Bb7 19. a5 Bc5 20. c4 e5 21. Nxe5
Bxg2 22. Kxg2 Rxd2 23. a6 Bd4 24. Nc6 Bxa1 25. Rxa1 Rf7 26. Ne5 Rc7 27. Re1 Nd6
28. Nc6 Nxc4 29. Re8+ Kf7 30. Ra8 Rdd7 31. h4 Ke6 32. Re8+ Kd5 33. Rf8 g6 34.
Nb8 Rg7 35. Rd8+ Kc5 36. Nc6 Kxb5 37. Nd4+ Kxa6 38. Ne6 Rcd7 39. Rc8 Rge7 40.
Nf8 Rc7 41. Rd8 b5 42. Rb8 Ka5 43. Rd8 Kb4 44. Rd1 a5 0-1

[Event "AUTO-OPEN-1468"]
[Site "http://www.queenalice.com/game.php?id=551964"]
[Date "2009.3.7"]
[Round "1"]
[White "Pele"]
[Black "marcoswerneck"]
[Result "1-0"]
[WhiteElo "1931"]
[BlackElo "1791"]

1. e4 e5 2. Nf3 d6 3. Bc4 h6 4. O-O Nf6 5. Nc3 a6 6. a3 Be7 7. h3 Bd7 8. d4 Nc6
9. dxe5 Nxe5 10. Nxe5 dxe5 11. f4 Bd6 12. Qe2 Qe7 13. Nd5 Nxd5 14. Bxd5 c6 15.
Ba2 O-O-O 16. b4 exf4 17. Bxf4 g5 18. Bxd6 Qxd6 19. Bxf7 g4 20. Rad1 Qc7 21.
hxg4 Kb8 22. c4 Qe5 23. Bg6 h5 24. gxh5 Ka7 25. Qe3+ b6 26. Rf7 Rhf8 27. Rfxd7+
Rxd7 28. Rxd7+ Ka8 29. Qxb6 Qa1+ 30. Kh2 Qe5+ 31. g3 1-0

[Event "AUTO-OPEN-1410"]
[Site "http://www.queenalice.com/game.php?id=599746"]
[Date "2009.6.7"]
[Round "2"]
[White "Pele"]
[Black "DORLISS"]
[Result "0-1"]
[WhiteElo "1946"]
[BlackElo "1859"]

1. d4 d5 2. c4 Nc6 3. Nc3 Bf5 4. Nf3 e6 5. a3 Qd7 6. cxd5 exd5 7. Bf4 Nf6 8. h3
Be7 9. e3 O-O-O 10. Nb5 Ne4 11. Ne5 Nxe5 12. Bxe5 Bd6 13. f3 Ng3 14. Nxd6+ cxd6
15. Bxg3 Kb8 16. a4 Rc8 17. Bb5 Qe7 18. O-O Qxe3+ 19. Kh2 Rc2 20. Bxd6+ Ka8 21.
Ra3 Qe6 22. Bg3 Rxb2 23. Re1 Qh6 0-1

[Event "AUTO-OPEN-1410"]
[Site "http://www.queenalice.com/game.php?id=599747"]
[Date "2009.6.7"]
[Round "2"]
[White "DORLISS"]
[Black "Pele"]
[Result "1-0"]
[WhiteElo "1838"]
[BlackElo "1967"]

1. e4 e5 2. Nf3 Nc6 3. Bb5 a6 4. Ba4 b5 5. Bb3 Bb7 6. O-O Nf6 7. Re1 h6 8. c3 d6
9. d4 Be7 10. d5 Na5 11. Bc2 c6 12. Nbd2 cxd5 13. exd5 Bxd5 14. Nh4 g6 15. Ne4
Bxe4 16. Bxe4 Nxe4 17. Rxe4 Bxh4 18. Qg4 Bf6 19. b3 Bg7 20. Ba3 O-O 21. Re3 Nb7
22. Rd1 Qc7 23. Rh3 Rfe8 24. Bc1 1-0